| 000 | 00819cam a2200241 a 4500 | ||
|---|---|---|---|
| 001 | 3543087 | ||
| 005 | 20180309034806.0 | ||
| 008 | 970606s1998 azua b s001 0 eng | ||
| 010 | _a 97021106 | ||
| 020 | _a0816517797 (cloth : acidfree paper) | ||
| 020 | _a0816517800 (pbk. : acidfree paper) | ||
| 040 |
_aDLC _cDLC _dDLC |
||
| 041 | _aeng | ||
| 080 | _a305.4201 AIK | ||
| 082 | 0 | 0 |
_a305.4201 AIK _221 |
| 100 | _a50 | ||
| 101 | _aSOC | ||
| 245 | 0 | 0 |
_aMaking worlds : _ceditors, Susan Hardy Aiken ... [et al.]. |
| 504 | _aIncludes bibliographical references and index. | ||
| 906 |
_a7 _bcbc _corignew _d1 _eocip _f19 _gy-gencatlg |
||
| 942 |
_2ddc _cBK |
||
| 999 |
_c44534 _d44534 |
||